<?xml version="1.0" encoding="UTF-8"?>
<record
    xmlns:xsi="http://www.w3.org/2001/XMLSchema-instance"
    xsi:schemaLocation="http://www.loc.gov/MARC21/slim http://www.loc.gov/standards/marcxml/schema/MARC21slim.xsd"
    xmlns="http://www.loc.gov/MARC21/slim">

  <leader>01714nam0a2200301 i 4500</leader>
  <controlfield tag="001">RU\NLR\bibl\2013187</controlfield>
  <controlfield tag="005">20260408110639.0</controlfield>
  <datafield tag="010" ind1=" " ind2=" ">
    <subfield code="a">9785913081728</subfield>
    <subfield code="9">300</subfield>
  </datafield>
  <datafield tag="021" ind1=" " ind2=" ">
    <subfield code="a">RU</subfield>
    <subfield code="b">2013-13852</subfield>
    <subfield code="9">988</subfield>
  </datafield>
  <datafield tag="035" ind1=" " ind2=" ">
    <subfield code="a">(NLR Aleph) 002001650</subfield>
  </datafield>
  <datafield tag="090" ind1=" " ind2=" ">
    <subfield code="a">4367704</subfield>
    <subfield code="c">4367704</subfield>
  </datafield>
  <datafield tag="100" ind1=" " ind2=" ">
    <subfield code="a">20130319d2012    um y0rusy50      ca</subfield>
  </datafield>
  <datafield tag="101" ind1="0" ind2=" ">
    <subfield code="a">rus</subfield>
  </datafield>
  <datafield tag="102" ind1=" " ind2=" ">
    <subfield code="a">RU</subfield>
  </datafield>
  <datafield tag="105" ind1=" " ind2=" ">
    <subfield code="a">a||||||||||||</subfield>
  </datafield>
  <datafield tag="200" ind1="1" ind2=" ">
    <subfield code="a">&#x423;&#x43B;&#x44C;&#x44F;&#x43D;&#x43E;&#x432;&#x441;&#x43A;&#x438;&#x439; &#x432;&#x43E;&#x435;&#x43D;&#x43D;&#x44B;&#x439; &#x433;&#x430;&#x440;&#x43D;&#x438;&#x437;&#x43E;&#x43D;&#x43D;&#x44B;&#x439;...</subfield>
    <subfield code="e">(&#x43E;&#x447;&#x435;&#x440;&#x43A;&#x438; &#x438;&#x441;&#x442;&#x43E;&#x440;&#x438;&#x438; &#x444;&#x438;&#x43B;&#x438;&#x430;&#x43B;&#x430; N 4 &#x424;&#x435;&#x434;&#x435;&#x440;&#x430;&#x43B;&#x44C;&#x43D;&#x43E;&#x433;&#x43E; &#x433;&#x43E;&#x441;&#x443;&#x434;&#x430;&#x440;&#x441;&#x442;&#x432;&#x435;&#x43D;&#x43D;&#x43E;&#x433;&#x43E; &#x43A;&#x430;&#x437;&#x435;&#x43D;&#x43D;&#x43E;&#x433;&#x43E; &#x443;&#x447;&#x440;&#x435;&#x436;&#x434;&#x435;&#x43D;&#x438;&#x44F; "354 &#x412;&#x43E;&#x435;&#x43D;&#x43D;&#x44B;&#x439; &#x43A;&#x43B;&#x438;&#x43D;&#x438;&#x447;&#x435;&#x441;&#x43A;&#x438;&#x439; &#x433;&#x43E;&#x441;&#x43F;&#x438;&#x442;&#x430;&#x43B;&#x44C;" &#x41C;&#x438;&#x43D;&#x438;&#x441;&#x442;&#x435;&#x440;&#x441;&#x442;&#x432;&#x430; &#x43E;&#x431;&#x43E;&#x440;&#x43E;&#x43D;&#x44B; &#x420;&#x43E;&#x441;&#x441;&#x438;&#x439;&#x441;&#x43A;&#x43E;&#x439; &#x424;&#x435;&#x434;&#x435;&#x440;&#x430;&#x446;&#x438;&#x438;)</subfield>
    <subfield code="e">[&#x441;&#x431;&#x43E;&#x440;&#x43D;&#x438;&#x43A; &#x432;&#x43E;&#x441;&#x43F;&#x43E;&#x43C;&#x438;&#x43D;&#x430;&#x43D;&#x438;&#x439;</subfield>
    <subfield code="f">&#x440;&#x435;&#x434;&#x43A;&#x43E;&#x43B;.: &#x411;&#x430;&#x433;&#x430;&#x435;&#x432; &#x421;.&#x421;. &#x43F;&#x43E;&#x434;&#x43F;&#x43E;&#x43B;&#x43A;. &#x43C;&#x435;&#x434;&#x441;&#x43B;&#x443;&#x436;&#x431;&#x44B;, &#x43F;&#x440;&#x435;&#x434;. &#x438; &#x434;&#x440;.]</subfield>
  </datafield>
  <datafield tag="210" ind1=" " ind2=" ">
    <subfield code="a">&#x423;&#x43B;&#x44C;&#x44F;&#x43D;&#x43E;&#x432;&#x441;&#x43A;</subfield>
    <subfield code="c">&#x412;&#x435;&#x43A;&#x442;&#x43E;&#x440;-&#x421;</subfield>
    <subfield code="d">2012</subfield>
  </datafield>
  <datafield tag="215" ind1=" " ind2=" ">
    <subfield code="a">91, [1] &#x441;.</subfield>
    <subfield code="c">&#x438;&#x43B;., &#x446;&#x432;. &#x438;&#x43B;., &#x43F;&#x43E;&#x440;&#x442;&#x440;.</subfield>
    <subfield code="d">21</subfield>
  </datafield>
  <datafield tag="601" ind1="0" ind2="2">
    <subfield code="a">&#x41F;&#x440;&#x438;&#x432;&#x43E;&#x43B;&#x436;&#x441;&#x43A;&#x43E;-&#x423;&#x440;&#x430;&#x43B;&#x44C;&#x441;&#x43A;&#x438;&#x439; &#x43E;&#x43A;&#x440;&#x443;&#x436;&#x43D;&#x43E;&#x439; &#x432;&#x43E;&#x435;&#x43D;&#x43D;&#x44B;&#x439; &#x43A;&#x43B;&#x438;&#x43D;&#x438;&#x447;&#x435;&#x441;&#x43A;&#x438;&#x439; &#x433;&#x43E;&#x441;&#x43F;&#x438;&#x442;&#x430;&#x43B;&#x44C;</subfield>
    <subfield code="b">&#x424;&#x438;&#x43B;&#x438;&#x430;&#x43B;</subfield>
    <subfield code="c">354; &#x415;&#x43A;&#x430;&#x442;&#x435;&#x440;&#x438;&#x43D;&#x431;&#x443;&#x440;&#x433;, &#x433;&#x43E;&#x440;&#x43E;&#x434;</subfield>
    <subfield code="c">4; &#x423;&#x43B;&#x44C;&#x44F;&#x43D;&#x43E;&#x432;&#x441;&#x43A;, &#x433;&#x43E;&#x440;&#x43E;&#x434;</subfield>
    <subfield code="9">2181442</subfield>
    <subfield code="3">RU\NLR\AUTH\6601548319</subfield>
  </datafield>
  <datafield tag="686" ind1="1" ind2=" ">
    <subfield code="a">&#x426;7,6(2&#x420;)6-20</subfield>
  </datafield>
  <datafield tag="702" ind1=" " ind2="1">
    <subfield code="a">&#x411;&#x430;&#x433;&#x430;&#x435;&#x432;</subfield>
    <subfield code="b">&#x421;.&#x421;.</subfield>
    <subfield code="4">340</subfield>
  </datafield>
  <datafield tag="712" ind1="0" ind2="2">
    <subfield code="a">&#x41F;&#x440;&#x438;&#x432;&#x43E;&#x43B;&#x436;&#x441;&#x43A;&#x43E;-&#x423;&#x440;&#x430;&#x43B;&#x44C;&#x441;&#x43A;&#x438;&#x439; &#x43E;&#x43A;&#x440;&#x443;&#x436;&#x43D;&#x43E;&#x439; &#x432;&#x43E;&#x435;&#x43D;&#x43D;&#x44B;&#x439; &#x43A;&#x43B;&#x438;&#x43D;&#x438;&#x447;&#x435;&#x441;&#x43A;&#x438;&#x439; &#x433;&#x43E;&#x441;&#x43F;&#x438;&#x442;&#x430;&#x43B;&#x44C;</subfield>
    <subfield code="c">354; &#x415;&#x43A;&#x430;&#x442;&#x435;&#x440;&#x438;&#x43D;&#x431;&#x443;&#x440;&#x433;</subfield>
    <subfield code="b">&#x424;&#x438;&#x43B;&#x438;&#x430;&#x43B;</subfield>
    <subfield code="c">4; &#x423;&#x43B;&#x44C;&#x44F;&#x43D;&#x43E;&#x432;&#x441;&#x43A;</subfield>
    <subfield code="3">RU\NLR\AUTH\8810247285</subfield>
    <subfield code="9">380275</subfield>
  </datafield>
  <datafield tag="801" ind1=" " ind2="0">
    <subfield code="a">RU</subfield>
    <subfield code="b">NLR</subfield>
    <subfield code="c">20130319</subfield>
    <subfield code="g">RCR</subfield>
  </datafield>
  <datafield tag="801" ind1=" " ind2="1">
    <subfield code="a">RU</subfield>
    <subfield code="b">NLR</subfield>
    <subfield code="c">20130319</subfield>
  </datafield>
  <datafield tag="942" ind1=" " ind2=" ">
    <subfield code="c">BOOK</subfield>
  </datafield>
  <datafield tag="980" ind1=" " ind2=" ">
    <subfield code="a">NBR</subfield>
  </datafield>
</record>
